| 000 | 00714nam a2200277Ia 4500 | ||
|---|---|---|---|
| 005 | 20260324115700.0 | ||
| 008 | 008 260324s9999 xx 000 0 eng d | ||
| 020 | _a9781315118352 | ||
| 037 | _aEBOOK | ||
| 040 | _aCRL | ||
| 040 | _beng | ||
| 040 | _cCRL | ||
| 041 | _2eng | ||
| 041 | _aeng | ||
| 084 | _qCRL | ||
| 100 |
_aHoracio Heinzen; Leo M.L. Nollet; Amadeo R. Fernandez-Alba _91155611 |
||
| 245 | 0 | _aMultiresidue Methods for the Analysis of Pesticide Residues in Food | |
| 260 | _bTaylor and Francis | ||
| 260 | _c2017 | ||
| 365 | _a | ||
| 365 | _b435 | ||
| 856 | _uhttp://www.taylorfrancis.com/books/9781315118352 | ||
| 942 | _cEBOOK | ||
| 999 |
_c1746658 _d1746658 |
||